Es hora de prohibir el acaparamiento de tierras, no de darle una fachada de responsabilidad
Gespeichert in:
| Format: | Buch |
|---|---|
| Sprache: | Spanish |
| Tags: |
Tag hinzufügen
Keine Tags, Fügen Sie den ersten Tag hinzu!
|
MARC
| LEADER | 00000nam a22000007a 4500 | ||
|---|---|---|---|
| 003 | cru CIDCACS/IIS | ||
| 005 | 20180228114928.0 | ||
| 007 | ta | ||
| 008 | 180228s2011 uy |||p|r||||||0| ||spa|d | ||
| 999 | |c 41065 |d 41065 | ||
| 040 | |c cru CIDCACS/IIS | ||
| 245 | 1 | |a Es hora de prohibir el acaparamiento de tierras, no de darle una fachada de responsabilidad | |
| 300 | |a páginas 10-16 | ||
| 773 | 0 | |0 41050 |9 1829 |a Red de Ecología Social (Uruguay) |d Uruguay: REDES-AT; GRAIN |o 17997 |t Biodiversidad: |x 07977888X | |
| 942 | |2 ddc |c PP | ||
